Minecraft Items - L (26.1) - Statistics

General Stats
  • This quiz has been taken 4 times
  • The average score is 24 of 72
Answer Stats
Items % Correct
Light Blue Bed
50%
Light Blue Bundle
50%
Light Blue Candle
50%
Light Blue Carpet
50%
Light Blue Concrete
50%
Light Blue Concrete Powder
50%
Light Blue Dye
50%
Light Blue Glazed Terracotta
50%
Light Blue Harness
50%
Light Blue Shulker Box
50%
Light Blue Stained Glass
50%
Light Blue Stained Glass Pane
50%
Light Blue Terracotta
50%
Light Blue Wool
50%
Light Gray Bed
50%
Light Gray Bundle
50%
Light Gray Candle
50%
Light Gray Carpet
50%
Light Gray Concrete
50%
Light Gray Concrete Powder
50%
Light Gray Dye
50%
Light Gray Glazed Terracotta
50%
Light Gray Harness
50%
Light Gray Shulker Box
50%
Light Gray Stained Glass
50%
Light Gray Stained Glass Pane
50%
Light Gray Terracotta
50%
Light Gray Wool
50%
Lime Bed
50%
Lime Bundle
50%
Lime Candle
50%
Lime Carpet
50%
Lime Concrete
50%
Lime Concrete Powder
50%
Lime Dye
50%
Lime Glazed Terracotta
50%
Lime Harness
50%
Lime Shulker Box
50%
Lime Stained Glass
50%
Lime Stained Glass Pane
50%
Lime Terracotta
50%
Lime Wool
50%
Lapis Lazuli
25%
Lapis Lazuli Ore
25%
Large Fern
25%
Lava Bucket
25%
Lead
25%
Leaf Litter
25%
Lectern
25%
Light Blue Banner
25%
Light Gray Banner
25%
Lightning Rod
25%
Lime Banner
25%
Lingering Potion
25%
Lodestone
25%
Ladder
0%
Lantern
0%
Large Amethyst Bud
0%
Lava Spawner
0%
Leather
0%
Leather Boots
0%
Leather Cap
0%
Leather Horse Armor
0%
Leather Pants
0%
Leather Tunic
0%
Lever
0%
Light Weighted Pressure Plate
0%
Lilac
0%
Lily of the Valley
0%
Lily Pad
0%
Locked chest
0%
Loom
0%
No matching quizzes found
Score Distribution
Percent of People with Each Score
Percentile by Number Answered
Your Score History
You have not taken this quiz